Language Anagrams - Statistics

General Stats
  • This quiz has been taken 21 times
  • The average score is 13 of 20
Answer Stats
Anagram Hint Answer % Correct
ESLWH Known as Cymraeg to its speakers Welsh
100%
PSEANJEA Spoken by the majority of the island of Honshu Japanese
95%
RIDMANAN Has nearly 1 billion native speakers Mandarin
90%
UTREGOSEPU Official language of Brazil Portuguese
86%
IPHNASS Uses the letter Ñ Spanish
86%
HLOSPI Known for having words such as 'wstrząs' and 'chrząszcz' Polish
81%
RHEMK Spoken by over 90% of the population of Cambodia Khmer
76%
WHILAIS Widely spoken in Tanzania, Kenya, and Uganda Swahili
76%
TSENCOAEN Mostly spoken in the region of Guangdong Cantonese
62%
UCAQHEU Indigenous language of Peru, Bolivia, and Ecuador Quechua
62%
TRIGAJAU Has 57 million native speakers in the west of India Gujarati
57%
RANNEMAI Has its own alphabet which looks like this: Սնգհոիֆոկցմալոբվնոկլ Armenian
52%
SMYLGAAA Official language of Madagascar Malagasy
52%
IGMALONON Can be written in the Cyrillic alphabet or its own, vertical script Mongolian
52%
LECCADIIN Known for using the letters Ðð and Þþ in its alphabet Icelandic
48%
ORBYAU Tonal language of Nigeria Yoruba
48%
OBENUCA Second largest native language of the Philippines Cebuano
38%
LISHANA මේ මොන භාෂාවද කියලා මට කල්පනා වෙනවා Sinhala
38%
NURAIGU Natively known as Avañe'ẽ Guarani
33%
DRANISANI Considered to be the most conservative of the Romance languages Sardinian
33%
No matching quizzes found
Score Distribution
Percent of People with Each Score
Percentile by Number Answered
Your Score History
You have not taken this quiz